Statistics for Countries Bordering Unknown Country #38

Click here to take the quiz!

General Stats

  • This quiz has been taken 69 times
  • The average score is 7 of 7

Answer Stats

Bordering CountryAnswer% Correct
JJordan
100%
SSyria
100%
IIran
98%
KKuwait
98%
SSaudi Arabia
98%
TTurkey
98%
Iraq
95%

Score Distribution

Percentile by Number Answered

Percent of People with Each Score

Your Score History

You have not taken this quiz